Countries by Two-Letter Country Code in 90 Seconds - Statistics

General Stats
  • This quiz has been taken 2,544 times
  • The average score is 35 of 196
Answers on the Map
Answers color-coded by a green-red scale on the quiz's map according to % correct below.
 
Answer Stats
Country % Correct
United States
94%
Canada
92%
Russia
88%
Switzerland
88%
Australia
79%
Brazil
79%
United Kingdom
77%
India
69%
Montenegro
67%
Argentina
65%
France
65%
Saudi Arabia
62%
Germany
59%
Iran
59%
Norway
58%
Mexico
55%
China
49%
Finland
49%
Panama
48%
Colombia
47%
Morocco
47%
Spain
46%
Somalia
45%
Sweden
43%
Japan
41%
Peru
41%
Italy
38%
Albania
37%
Georgia
37%
Bolivia
35%
Cote d'Ivoire
35%
Belgium
34%
Chile
33%
New Zealand
32%
Egypt
31%
Niger
30%
Venezuela
30%
Indonesia
28%
Slovakia
27%
Liechtenstein
26%
Portugal
26%
Bosnia and Herzegovina
25%
Senegal
25%
Greece
24%
Nicaragua
24%
Cuba
23%
Ireland
23%
Mongolia
23%
Oman
23%
Yemen
23%
Antigua and Barbuda
22%
Ecuador
22%
Israel
22%
Poland
22%
Ukraine
22%
Iceland
21%
Kazakhstan
21%
Slovenia
21%
Sudan
21%
Suriname
21%
Afghanistan
20%
Denmark
20%
Laos
20%
Austria
18%
Iraq
18%
Ethiopia
17%
Madagascar
17%
Namibia
17%
Papua New Guinea
17%
Turkey
17%
Sierra Leone
16%
Gabon
15%
Romania
15%
Dominican Republic
14%
Mali
14%
Philippines
14%
South Africa
14%
Thailand
14%
Uganda
14%
Bahrain
13%
Costa Rica
13%
Czech Republic
12%
Dominica
12%
Guyana
12%
Malaysia
12%
Moldova
12%
Pakistan
12%
South Korea
12%
Mauritania
11%
Paraguay
11%
Uruguay
11%
Azerbaijan
10%
Eritrea
10%
Mauritius
10%
Netherlands
10%
São Tomé and Príncipe
10%
United Arab Emirates
10%
Armenia
9%
Hungary
9%
Kenya
9%
Monaco
9%
Nauru
9%
Nigeria
9%
Qatar
9%
South Sudan
9%
Uzbekistan
9%
Vietnam
9%
Andorra
8%
Belize
8%
Burundi
8%
Democratic Republic of the Congo
8%
El Salvador
8%
Kiribati
8%
San Marino
8%
Syria
8%
Vatican City
8%
Bulgaria
7%
Jordan
7%
Luxembourg
7%
Serbia
7%
Tunisia
7%
Bahamas
6%
Cameroon
6%
Gambia
6%
Ghana
6%
Guatemala
6%
Haiti
6%
Libya
6%
Lithuania
6%
Rwanda
6%
Swaziland
6%
Tonga
6%
Brunei
5%
Croatia
5%
Cyprus
5%
Djibouti
5%
Estonia
5%
Honduras
5%
Jamaica
5%
Lebanon
5%
Malta
5%
Mozambique
5%
Nepal
5%
Republic of the Congo
5%
Angola
4%
Bhutan
4%
Guinea
4%
Latvia
4%
Myanmar
4%
Singapore
4%
Taiwan
4%
Tanzania
4%
Tuvalu
4%
Algeria
3%
Bangladesh
3%
Barbados
3%
Belarus
3%
Fiji
3%
Kyrgyzstan
3%
Lesotho
3%
Seychelles
3%
Solomon Islands
3%
Tajikistan
3%
Turkmenistan
3%
Zambia
3%
Benin
2%
Botswana
2%
Burkina Faso
2%
Cambodia
2%
Cape Verde
2%
Kuwait
2%
Macedonia
2%
Malawi
2%
Maldives
2%
Marshall Islands
2%
Saint Kitts and Nevis
2%
Togo
2%
Trinidad and Tobago
2%
Central African Republic
1%
Chad
1%
East Timor
1%
Equatorial Guinea
1%
Federated States of Micronesia
1%
Grenada
1%
Guinea-Bissau
1%
Kosovo
1%
Liberia
1%
North Korea
1%
Palau
1%
Saint Lucia
1%
Saint Vincent and the Grenadines
1%
Samoa
1%
Sri Lanka
1%
Vanuatu
1%
Zimbabwe
1%
Comoros
0%
No matching quizzes found
Score Distribution
Percent of People with Each Score
Percentile by Number Answered
Your Score History
You have not taken this quiz